00425nam a2200181Ia 4500008004100000041001200041082000800053082001100061100001700072100001300089245003500102260001100137260002400148260000900172300001500181365002500196650002200221150909s9999 xx 000 0 und d aEnglish a624 bTRE/IN aTremlett G  eCompiler aIntroduction to housing layout aLondon bArchitectural press c1978 a183 Pages aUKP.10.95  aCivil engineering